[Event "HCL-E1514"]
[Site "www.playchess.de"]
[Date "2006.01.16"]
[Round "19"]
[White "richard"]
[Black "Andy1"]
[WhiteElo "1736"]
[BlackElo "1399"]
[PlyCount "61"]
[Result "1-0"]

1.e4 d5 2.exd5 Nf6 3.Bb5+ Bd7 4.Bc4 c6 5.Nc3 cxd5 
6.Nxd5 Nxd5 7.Bxd5 Bc6 8.Bxc6+ Nxc6 9.Nf3 e5 10.d3 
Bc5 11.O-O O-O 12.Be3 Bxe3 13.fxe3 Rc8 14.c3 Qb6 
15.Qe2 Rfe8 16.Ng5 f6 17.Ne4 Ne7 18.Ng3 Nd5 
19.Rae1 Rc7 20.Rf2 Rd7 21.a3 Red8 22.d4 exd4 
23.exd4 Re7 24.Ne4 Rde8 25.Qd3 Qc7 26.c4 Nb6 27.b3 
Qc6 28.Rfe2 Nc8 29.d5 Qa6 30.a4 Nd6 31.Nxf6+ 
{adios amigo}  1-0

[Event "HCL-C4088"]
[Site "www.playchess.de"]
[Date "2006.01.16"]
[Round "5"]
[White "Ulpe"]
[Black "pytolo98"]
[WhiteElo "1494"]
[BlackElo "1226"]
[PlyCount "55"]
[Result "1-0"]

1.e4 e5 2.Nf3 Qf6 3.Nc3 Bb4 4.Nd5 Qd6 5.c3 Ba5 
6.d4 exd4 7.Qxd4 f6 8.Bf4 Qc6 9.a4 a6 10.b4 Bb6 
11.Qd2 Ne7 12.Nd4 Bxd4 13.Nxc7+ Kd8 14.Qxd4 Ng6 
15.Bg3 Re8 16.f3 f5 17.Nxa8 fxe4 18.Bc7+ Qxc7 
19.Nxc7 Kxc7 20.O-O-O exf3 21.Qd6+ Kd8 22.Qxb8 
fxg2 23.Bxg2 Ke7 24.Rhe1+ Kf7 25.Rxe8 Kxe8 
26.Qxc8+ Kf7 27.Qxd7+ Kf6 28.Rf1+ 1-0

[Event "HCL-A2498"]
[Site "www.playchess.de"]
[Date "2006.01.16"]
[Round "20"]
[White "Emerson"]
[Black "cabe"]
[WhiteElo "1731"]
[BlackElo "1415"]
[PlyCount "95"]
[Result "1-0"]

1.d4 {welcome, dear chessfriend - let´s have a 
good match! Norbert}  Nf6 2.Nd2 e5 3.dxe5 Ng4 
4.Ndf3 Be7 5.h3 Nh6 6.Bxh6 gxh6 7.e3 Nc6 8.Bc4 d5 
9.exd6 Qxd6 10.Qxd6 Bxd6 11.Ne2 Be6 12.Bxe6 fxe6 
13.c3 O-O-O 14.O-O-O Rd7 15.Ned4 Nxd4 16.Nxd4 e5 
17.Nf5 Rf8 18.Nxd6+ Rxd6 19.Rxd6 cxd6 20.f3 Kd7 
21.Kd2 Ke6 22.e4 Rg8 23.Rg1 Rg3 24.Ke3 h5 25.h4 
Kf6 26.Kf2 Rg7 27.Rd1 Ke6 28.Rd5 Rc7 29.g3 b6 
30.f4 Rf7 {Happy Newyear!}  31.Ke3 {Also to 
you!!!}  a6 32.a4 Rf8 33.b3 Rf7 34.c4 Rg7 35.Kf3 
Rc7 36.a5 Rc6 37.f5+ Kf6 38.g4 hxg4+ 39.Kxg4 bxa5 
40.Rxa5 Rb6 41.c5 dxc5 42.Rxc5 Rxb3 43.Rc6+ Ke7 
44.Rxa6 Rb7 45.Re6+ Kf7 46.Rxe5 Re7 47.Rxe7+ Kxe7 
48.e5 1-0

[Event "ACL-E210"]
[Site "www.playchess.de"]
[Date "2006.01.16"]
[Round "6"]
[White "JanP"]
[Black "ETC_Chess"]
[WhiteElo "1791"]
[BlackElo "1903"]
[PlyCount "56"]
[Result "0-1"]

1.d4 {good luck!}  Nf6 {Hello again and good 
luck!}  2.c4 {Indeed, it's not the 1st time we 
meet each other...}  c5 3.d5 e6 4.Nc3 exd5 5.cxd5 
d6 6.e4 Nbd7 7.f4 Qe7 8.Bd3 Nxe4 9.Bxe4 f5 10.Qe2 
fxe4 11.Nxe4 Kd8 12.Ng5 Kc7 13.Ne6+ Kb8 14.f5 Qh4+ 
15.Kd1 Nb6 16.Bg5 Qb4 17.Nxf8 Rxf8 18.Be7 Rf6 
19.Bxf6 gxf6 20.Nf3 Bxf5 21.Qe7 a6 22.Qxf6 Qe4 
23.Rf1 Ka7 24.Rf2 Qd3+ 25.Kc1 {Merry christmas!}  
Nxd5 26.Qh4 Re8 {Happy New Year!}  27.Rd2 {Same to 
you!}  Qf1+ 28.Rd1 Qxg2 0-1

[Event "HCL-C4020"]
[Site "www.playchess.de"]
[Date "2006.01.16"]
[Round "8"]
[White "epenz"]
[Black "alauddin"]
[WhiteElo "937"]
[BlackElo "938"]
[PlyCount "77"]
[Result "1-0"]

1.e4 {hi}  e5 {hi!}  2.Nf3 Nf6 3.Nc3 Bb4 4.d3 
Bxc3+ 5.bxc3 Nc6 6.d4 Qe7 7.d5 Qc5 8.dxc6 Qxc3+ 
9.Bd2 Qxc6 10.Bd3 Nxe4 11.Nxe5 Qd5 12.Nf3 O-O 
13.O-O Nf6 14.Re1 d6 15.a4 a5 16.Bg5 Ng4 17.h3 
Nxf2 18.Kxf2 Qc5+ 19.Be3 Qc6 20.c4 Be6 21.Ng5 h6 
22.Nxe6 fxe6+ 23.Kg1 Rf6 24.Rf1 Raf8 25.Qe2 d5 
26.Bd4 e5 27.cxd5 R6xf1+ 28.Rxf1 Qxd5 29.Rxf8+ 
Kxf8 30.Bxe5 Qc5+ 31.Kh1 Qe7 32.Bh7 Qa3 33.Qf2+ 
Ke7 34.Bxg7 Qd6 35.Bc3 b6 36.Qe2+ Kd8 37.Bf5 Qc5 
38.Bf6+ Qe7 39.Qxe7+ 1-0

[Event "HCL-C4036"]
[Site "www.playchess.de"]
[Date "2006.01.16"]
[Round "2"]
[White "mudelta"]
[Black "Littlearza"]
[WhiteElo "1125"]
[BlackElo "800"]
[PlyCount "56"]
[Result "0-1"]

1.e4 {hi gl}  e5 2.Bc4 Nf6 3.f3 c6 4.d4 exd4 
5.Qxd4 c5 6.Qd1 Nc6 7.Nc3 g6 8.Bf4 a6 9.Qe2 Nd4 
10.Qd3 b5 11.Bd5 Nxd5 12.Nxd5 Ne6 13.O-O-O Bg7 
14.Bd6 Qa5 15.Kb1 b4 16.e5 Bb7 17.Nf6+ Bxf6 
18.exf6 Rc8 19.Be7 d5 20.Nh3 c4 21.Qe3 Rc7 22.Ng5 
Rxe7 23.fxe7 d4 24.Qe1 c3 25.Nxe6 Bd5 26.Ng7+ Kd7 
27.Rxd4 Qxa2+ 28.Kc1 Qa1+ 0-1

[Event "HCL-B3821"]
[Site "www.playchess.de"]
[Date "2006.01.16"]
[Round "12"]
[White "maus"]
[Black "tusnelda"]
[WhiteElo "1327"]
[BlackElo "1182"]
[PlyCount "79"]
[Result "1/2-1/2"]

1.e4 e5 2.Nf3 Nc6 3.Bc4 Bc5 4.d3 d6 5.h3 h6 6.Nc3 
Nf6 7.Bb5 Bd7 8.O-O Nd4 9.Bxd7+ Qxd7 10.a4 a6 
11.b3 O-O 12.Ba3 Ba7 13.Nb1 c5 14.c4 b5 15.Nxd4 
exd4 16.Nd2 b4 17.Bc1 a5 18.f4 Bb6 19.e5 dxe5 
20.fxe5 Nh7 21.Re1 Bc7 22.Nf3 f6 23.e6 Qd6 24.Re4 
f5 25.Re2 f4 26.Qe1 Ng5 27.e7 Nxf3+ 28.gxf3 Rfe8 
29.Qh4 Qg6+ 30.Rg2 Qxd3 31.Bxf4 Bxf4 32.Qxf4 Qe3+ 
33.Qxe3 dxe3 34.Re2 Rxe7 35.Kg2 {(offering draw)}  
Rd8 36.f4 Rd2 37.Kf3 Rd4 38.Rxe3 Rf7 39.Re4 Rd3+ 
40.Re3 {(offering draw)}  1/2-1/2

[Event "HCL-E1512"]
[Site "www.playchess.de"]
[Date "2006.01.16"]
[Round "6"]
[White "baggur"]
[Black "Groucho_hunter"]
[WhiteElo "1628"]
[BlackElo "1777"]
[PlyCount "84"]
[Result "0-1"]

1.e4 {greetings from Reykjavik, Iceland}  e6 
{greetings from Stuttgart, wish a good game!}  
2.d4 d5 3.Nc3 Bb4 4.e5 c5 5.a3 Bxc3+ 6.bxc3 Nc6 
7.Nf3 Nge7 8.Be2 Nf5 9.O-O Qc7 10.Re1 O-O {How is 
the wheather in Iceland by this time of the year?} 
 11.Bf1 {Yesterday it was -1, today is +3. And it 
is dark, the day is very short now.}  Bd7 {Here 
it's rainy - ugly wheather, too cold to go jogging 
and too warm for snow. Best thing to stay at home 
and play chess!}  12.a4 {Yep, cold, but I still go 
out jogging, almost every day.}  cxd4 {good. But 
jumping around all those geysirs should not be 
that harsh....}  13.cxd4 {You better run fast so 
you don´t burn your foot !}  Rfc8 {I wonder who 
will burn his feet in this game...}  14.Ba3 Na5 
15.g4 Nh6 16.g5 Nf5 17.Bd3 Bxa4 18.Bb4 b5 19.Rc1 
Nc4 20.Bxf5 exf5 21.Qd3 Qd7 22.Bc5 a5 23.c3 Rab8 
24.Rcb1 Rc6 25.Re2 Rg6 26.Kh1 f4 27.Ra2 Rc8 28.Rg1 
Qh3 29.Raa1 Nb2 30.Qe2 Bb3 31.Nd2 Bc4 32.Nxc4 Nxc4 
33.Rab1 f3 34.Qd1 h6 35.Rg3 Qh5 36.Rxb5 Rxg5 
37.Qxf3 Qxf3+ 38.Rxf3 a4 39.Rb7 Nxe5 40.dxe5 Rxc5 
41.Rfxf7 Rxc3 {sorry, but your last move was a big 
fault...now you will have to sacrifice a rook to 
prevent mate!}  42.h4 {yes, bad mistake!}  
Rh3+ 0-1

[Event "HCL-B3808"]
[Site "www.playchess.de"]
[Date "2006.01.16"]
[Round "15"]
[White "knoppe"]
[Black "nichju"]
[WhiteElo "1239"]
[BlackElo "973"]
[PlyCount "83"]
[Result "1-0"]

1.Nc3 e5 2.e4 Nc6 3.Bc4 Nf6 4.d3 Bb4 5.f4 d6 6.Nf3 
Ng4 7.h3 Nf6 8.a3 Bxc3+ 9.bxc3 O-O 10.f5 d5 
11.exd5 Ne7 12.g4 Nexd5 13.Bd2 e4 14.dxe4 Nxe4 
15.Bxd5 Qxd5 16.Bf4 Qxd1+ 17.Rxd1 Nxc3 18.Rd3 Re8+ 
19.Kf1 Ne4 20.Bxc7 Bd7 21.Rxd7 Ng3+ 22.Kg2 Nxh1 
23.Kxh1 h6 24.Bf4 Rac8 25.Ne5 Rxc2 26.Rxb7 Rc1+ 
27.Kg2 f6 28.Bxc1 Rxe5 29.Rxa7 Re2+ 30.Kf3 Rc2 
31.Bf4 Rc3+ 32.Kg2 g5 33.Bd6 Rc2+ 34.Kf3 Rc3+ 
35.Ke4 Rc4+ 36.Kd5 Rc3 37.Ke6 Rxh3 38.Kxf6 Rd3 
39.Rd7 Rxa3 40.Bxa3 h5 41.Kg6 h4 
42.Rd8+ 1-0

[Event "HCL-B3821"]
[Site "www.playchess.de"]
[Date "2006.01.16"]
[Round "19"]
[White "maus"]
[Black "IRONMAIDEN"]
[WhiteElo "1327"]
[BlackElo "1382"]
[PlyCount "56"]
[Result "1/2-1/2"]

1.e4 {hello}  e5 {Hello maus!}  2.Nf3 Nc6 3.Bc4 f6 
4.Nh4 g6 5.Qg4 d6 6.Be6 Nd4 7.Bxc8 Qxc8 8.Qxc8+ 
Rxc8 9.Kd1 Kf7 10.c3 Ne6 11.d3 Nc5 12.Kc2 Ne7 
13.Nd2 Bh6 14.Nhf3 Bxd2 15.Bxd2 b5 16.Rhf1 a5 
17.d4 Nb7 18.b3 c5 19.Kd3 c4+ 20.Ke3 cxb3 21.axb3 
Rca8 22.Rfc1 a4 23.Ra3 Rhc8 24.d5 Nc5 25.b4 Nb3 
26.Rc2 Nxd2 27.Rxd2 Rc7 28.g4 g5 {(offering draw) 
what do you think?}  1/2-1/2

[Event "ACL-M080"]
[Site "www.playchess.de"]
[Date "2006.01.16"]
[Round "5"]
[White "michail"]
[Black "TheWiseBaboon"]
[WhiteElo "1925"]
[BlackElo "2204"]
[PlyCount "88"]
[Result "1/2-1/2"]

1.Nf3 Nf6 {Good luck!}  2.c4 {hello and good game} 
 g6 3.Nc3 Bg7 4.e4 d6 5.d4 O-O 6.Be2 e5 7.O-O Na6 
8.Be3 Ng4 9.Bg5 Qe8 10.dxe5 dxe5 11.h3 f6 12.Qd5+ 
Kh8 13.Bd2 c6 14.Qa5 b6 15.Qa3 Nh6 16.Rad1 Nf7 
17.Be3 Nc7 18.c5 Be6 19.Qa4 b5 20.Qa5 Qb8 21.a4 b4 
22.Nb1 f5 23.Ng5 f4 24.Nxe6 Nxe6 25.Bd2 Nd4 26.Bc4 
f3 27.g3 Bf6 28.Qxb4 Ng5 29.Kh2 a5 30.Qa3 Qa7 
31.Qd3 Qd7 32.Bxg5 Bxg5 33.Nd2 Bxd2 34.Rxd2 Qe7 
35.Qc3 Qxc5 36.Ba2 Qb4 37.Bc4 Rfd8 38.Qxb4 axb4 
39.b3 Kg7 {Merry Christmas and Happy New Year!}  
40.h4 {Happy New Year!}  Kf6 41.Ra1 Ra5 42.Rd3 h6 
43.Kh3 Rd7 44.Rad1 Ke7 {(offering draw)} 
 1/2-1/2

[Event "HCL-C4065"]
[Site "www.playchess.de"]
[Date "2006.01.16"]
[Round "10"]
[White "ocluanain"]
[Black "Viking"]
[WhiteElo "1040"]
[BlackElo "601"]
[PlyCount "82"]
[Result "0-1"]

1.Nf3 {good luck viking.}  c5 2.g3 d5 3.Bg2 Nf6 
4.O-O Nbd7 5.d3 e5 6.Nbd2 Be7 7.b3 d4 8.e4 O-O 
9.Bb2 a5 10.a4 b6 11.c3 Nh5 12.Ba3 dxc3 13.Nc4 Ba6 
14.Rc1 b5 15.axb5 Bxb5 16.Rxc3 Nb6 17.Nfxe5 Nf6 
18.Bc1 a4 19.Be3 Qc7 20.d4 Rfd8 21.Rd3 axb3 
22.Rxb3 Nxc4 23.Rxb5 h6 24.Nxc4 cxd4 25.Bxd4 Qxc4 
26.Qb1 Qxd4 27.e5 Ng4 28.h3 Nxf2 29.Rxf2 Ra1 
30.Qxa1 Qxa1+ 31.Rf1 Qd4+ 32.Kh2 f6 33.Rf4 Qd2 
34.Rb7 Kf7 35.h4 h5 36.Kh3 Ke8 37.Bc6+ Kf8 38.Rf5 
Qh6 39.Bf3 Kf7 40.Bd5+ Rxd5 41.g4 
Qe3+ 0-1

[Event "HCL-B3771"]
[Site "www.playchess.de"]
[Date "2006.01.16"]
[Round "27"]
[White "ama49"]
[Black "epenz"]
[WhiteElo "1193"]
[BlackElo "944"]
[PlyCount "118"]
[Result "1/2-1/2"]

1.e4 e5 2.Nf3 Nc6 3.Bc4 h6 4.d4 d6 5.dxe5 dxe5 
6.Qxd8+ Nxd8 7.Nxe5 Nf6 8.Nc3 Bb4 9.Bd2 Bxc3 
10.Bxc3 Nxe4 11.O-O Nxc3 12.bxc3 O-O 13.Rfe1 Ne6 
14.h3 b6 15.Bd5 Rb8 16.c4 Bb7 17.Nd7 Bxd5 18.Nxb8 
Bxc4 19.Nc6 a5 20.Ne5 Ba6 21.Rad1 Bc8 22.Nc6 a4 
23.a3 Kh7 24.Re4 Nc5 25.Re7 Ne6 26.Na7 c5 27.Nb5 
g5 28.Nd6 Kg7 29.Nxc8 Rxc8 30.Rb7 Rc6 31.Rdd7 Nd4 
32.Rdxf7+ Kg6 33.c3 Ne2+ 34.Kf1 Nxc3 35.Rba7 b5 
36.Rfg7+ Kh5 37.Rgb7 c4 38.f3 Rc5 39.Kf2 Nb1 
40.Rb6 Nxa3 41.Raa6 g4 42.Rbxh6+ Kg5 43.h4+ Kf4 
44.fxg4 Kxg4 45.Rag6+ Kf4 46.g3+ Ke4 47.Rg5 Rf5+ 
48.Rxf5 Kxf5 49.Kf3 c3 50.Rc6 c2 51.Rc3 b4 52.Rc5+ 
Kg6 53.Ke2 b3 54.Kd2 b2 55.Rc6+ Kf5 56.Rc5+ Kg6 
57.h5+ Kh6 58.Rxc2 Nxc2 59.Kxc2 Kxh5 {(offering 
draw)}  1/2-1/2

[Event "HCL-E1535"]
[Site "www.playchess.de"]
[Date "2006.01.16"]
[Round "11"]
[White "Matu"]
[Black "Emerson"]
[WhiteElo "1457"]
[BlackElo "1792"]
[PlyCount "95"]
[Result "1-0"]

1.Nf3 d6 2.b3 e5 3.Bb2 c5 4.e3 Nc6 5.Bb5 Bg4 6.h3 
Bh5 7.g4 Bg6 8.d4 Qa5+ 9.Nc3 cxd4 10.exd4 e4 11.d5 
O-O-O 12.dxc6 exf3 13.cxb7+ Kxb7 14.Qd5+ Kb8 
15.O-O h5 16.Qxf3 hxg4 17.hxg4 d5 18.Bd3 Qc7 
19.Rfd1 Qh2+ 20.Kf1 Nf6 21.Bxg6 fxg6 22.Nxd5 Rh3 
23.Qf4+ Qxf4 24.Nxf4 Rxd1+ 25.Rxd1 Rh1+ 26.Ke2 
Rxd1 27.Kxd1 Nxg4 28.Ke2 Bc5 29.f3 Nf6 30.Ne6 Be7 
31.Nxg7 Kc7 32.Ne6+ Kc6 33.Nf4 g5 34.Nh3 Nd5 
35.Bc1 Nb4 36.Ba3 a5 {das wird nichts mehr... (für 
mich)}  37.c3 Nxa2 38.Bxe7 Nxc3+ 39.Kd3 Nd5 
40.Bxg5 Kb5 41.Bd2 a4 42.bxa4+ Kxa4 43.Kc4 Nf6 
44.Nf2 Ka3 45.Nd3 Nh5 46.Bc3 Ka4 47.Bb4 Nf4 {Sehr 
schönes Finale! Gratuliere zum verdienten Sieg!}  
48.Nb2+ {Danke!}  1-0

[Event "HCL-C4071"]
[Site "www.playchess.de"]
[Date "2006.01.16"]
[Round "18"]
[White "Gordon"]
[Black "IRONMAIDEN"]
[WhiteElo "961"]
[BlackElo "1372"]
[PlyCount "55"]
[Result "1-0"]

1.e4 e5 2.Nf3 Nc6 3.Bb5 Qe7 4.O-O a6 5.Ba4 b5 
6.Bb3 Nh6 7.c3 g6 8.d4 Bg7 9.d5 Na7 10.Bg5 Bf6 
11.Bxh6 Bb7 12.c4 Qc5 13.Nc3 O-O-O 14.Be3 Qf8 
15.Bxa7 Bg7 16.cxb5 Qd6 17.Ng5 Qf6 18.Be3 Bh6 
19.Nxf7 Qxf7 20.Bxh6 d6 21.Bg5 Rdf8 22.Bc4 axb5 
23.Nxb5 h6 24.Be3 Kd7 25.Qa4 Ke7 26.Nxc7 g5 
{...this is the other one}  27.Bc5 {... yes, how 
much longer shall we play on?}  dxc5 {right, would 
be masochism to continue. Last greetings, was nice 
to meet you, all the best, till next time! next 
move I resign}  28.d6+ 1-0

[Event "HCL-E1513"]
[Site "www.playchess.de"]
[Date "2006.01.16"]
[Round "3"]
[White "siroos"]
[Black "XANDERKIRV"]
[WhiteElo "1973"]
[BlackElo "1593"]
[PlyCount "109"]
[Result "1-0"]

1.e4 c5 2.Nf3 {hi}  e6 {Hello and good luck.}  
3.d4 cxd4 4.Nxd4 a6 5.Bd3 g6 6.Nc3 Bg7 7.Be3 Ne7 
8.O-O O-O 9.Qd2 d5 10.exd5 Nxd5 11.Nxd5 Qxd5 
12.Be2 Qd6 13.Rad1 Qc7 14.Bf3 Nd7 15.c3 Rb8 16.Bh6 
Re8 17.Bxg7 Kxg7 18.g3 e5 19.Nb3 f5 20.Bg2 b6 
21.Rfe1 Rf8 22.Qd6 Qxd6 23.Rxd6 e4 24.f3 exf3 
25.Bxf3 Nf6 26.Nd4 b5 27.Nc6 Rb6 28.Rd3 Kh8 29.Na5 
Be6 30.Nb3 Bc8 31.Re7 Ng8 32.Rc7 Re8 33.Kf2 g5 
34.Nc5 Nf6 35.Re3 Be6 36.b3 Kg8 37.Ra7 Ng4+ 
38.Bxg4 fxg4 39.Rxa6 Rxa6 40.Nxa6 Rf8+ 41.Ke2 Bf5 
42.Re5 Bb1 43.Rxg5+ Kh8 44.Rxb5 Bxa2 45.c4 Rf3 
46.Nc5 Bb1 47.Rb7 Bg6 48.Ne6 h6 49.Rb8+ Kh7 
50.Nf8+ Kg7 51.Nxg6 Kxg6 52.c5 Rc3 53.b4 Rc2+ 
54.Kd3 Rxh2 55.c6 1-0

[Event "HCL-B3817"]
[Site "www.playchess.de"]
[Date "2006.01.16"]
[Round "6"]
[White "Skipper_Robert"]
[Black "munther"]
[WhiteElo "897"]
[BlackElo "1350"]
[PlyCount "74"]
[Result "0-1"]

1.e4 e5 2.Nc3 Nc6 3.Bc4 Nf6 4.Qf3 Nd4 5.Qd1 Be7 
6.d3 Ne6 7.h3 c6 8.Nf3 d6 9.Be3 b5 10.Bxe6 fxe6 
11.Qd2 Qc7 12.O-O d5 13.exd5 exd5 14.d4 e4 15.Ne5 
O-O 16.Bf4 Bd6 17.Rae1 Nd7 18.Qe3 Rxf4 19.Qxf4 
Nxe5 20.Qe3 Nc4 21.Qg5 Bf4 22.Qh4 Nd2 23.Ne2 Bd6 
24.g3 Nxf1 25.Rxf1 Bf5 26.Qh5 Bg6 27.Qg5 Rf8 
28.Qe3 Rf3 29.Qg5 Qf7 30.Qd8+ Qf8 31.Qg5 e3 32.Nf4 
Bxf4 33.gxf4 Rxf4 34.Qg2 Rxf2 35.Re1 Rxg2+ 36.Kxg2 
Qf2+ 37.Kh1 Be4+ 0-1

[Event "HCL-E1535"]
[Site "www.playchess.de"]
[Date "2006.01.16"]
[Round "12"]
[White "Emerson"]
[Black "Matu"]
[WhiteElo "1792"]
[BlackElo "1457"]
[PlyCount "72"]
[Result "0-1"]

1.e4 {Willkommen im "Zirkus"! - ich hoffe, wir 
werden wieder ei spannendes Spiel aufs Brett 
bringen...
Norbert}  e5 {hoffe ich auch, die beiden letzten 
Male wars ja ziemlich einseitig. Thomas}  2.Qe2 
{Ja, in den letzten beiden Partien warst Du nicht 
so gut drauf, aber Du bist immer ein ernst zu 
nehmender Spieler und ich freue mich auf die 
Partien... 
:-) Norbert O aus DO}  Nc6 3.c3 Bc5 4.Nf3 d6 5.h3 
h6 6.d3 Nge7 7.g4 Be6 8.Be3 Bxe3 9.Qxe3 Ng6 10.Rg1 
Nf4 11.d4 Bd7 12.Na3 f6 13.Nc2 g5 14.b4 a6 15.h4 
Qc8 16.hxg5 hxg5 17.dxe5 dxe5 18.O-O-O Bxg4 19.Rd2 
Be6 20.Kb2 Na7 21.a4 c6 22.Nce1 Qc7 23.Nd3 Nxd3+ 
24.Bxd3 Rc8 25.Ne1 c5 {Ich denke, ich hatte mit 
meinem letzten Zug den Springer auf a7 
eingestellt. Wolltest du den nicht oder hast du 
(endlich) auch mal was übersehen? Grüsse Thomas 
aus A.}  26.Rc2 {Ich bin z.Zt. wohl etwas "blind" 
- ich habe es einfach übersehen; auch in unserer 
anderen Partie sehe ich schlecht aus - hatte Df4+ 
nicht im Blick. Ohne Fehler kein 
Vergnügen...
Gruß Norbert O aus DO  :-)}  Bd7 27.Qf3 Qd6 28.Rh1 
Rxh1 29.Qxh1 cxb4 30.Qh5+ Ke7 31.Qh7+ Ke8 32.f3 
Rxc3 33.Rh2 Kd8 34.Qg8+ Kc7 35.Rh8 Nc6 36.Bc2 {ja, 
wie es aussieht, hst Du - bis auf den "vergessenen 
Gaul" auf a7 alles richtig gemacht. Und der "hält" 
jetz ausgerechnet die 
Grundlinienfelder! 
:-((
}  Qd4 {abwarten...ich bin grossartig im Auslassen 
von guten Chancen}  0-1

[Event "HCL-C4012"]
[Site "www.playchess.de"]
[Date "2006.01.16"]
[Round "7"]
[White "reingp"]
[Black "Montelo"]
[WhiteElo "1443"]
[BlackElo "800"]
[PlyCount "42"]
[Result "1-0"]

1.d4 {olá!}  e6 2.Nf3 Nc6 3.Nc3 Qf6 4.g3 Qg6 5.Bf4 
Nb4 6.Rc1 {entao montelo, olá!}  Nf6 7.a3 Nc6 
8.Nb5 Nd5 9.Nxc7+ Nxc7 10.Bxc7 Be7 11.Bg2 b6 
12.Ne5 Qg5 13.Nxc6 Bb7 14.f4 Qf6 15.Be5 {voltei}  
Qh6 16.Nxe7 Bxg2 17.Rg1 {feliz ano novo!}  Qxh2 
18.Kd2 Kxe7 19.Bxg7 Rhg8 20.Be5 Rxg3 21.f5 
Rag8 1-0

[Event "HCL-A2469"]
[Site "www.playchess.de"]
[Date "2006.01.16"]
[Round "2"]
[White "Zembla"]
[Black "schachsky"]
[WhiteElo "1448"]
[BlackElo "1195"]
[PlyCount "57"]
[Result "1-0"]

1.e4 {Hello & have a good game.}  e5 {Thx, same to 
you!}  2.Nf3 Nc6 3.Bb5 a6 4.Ba4 b5 5.Bb3 Nf6 6.O-O 
Bc5 7.c3 O-O 8.d4 exd4 9.cxd4 Ba7 10.e5 Ne4 11.Bd5 
Nf6 12.Bxc6 dxc6 13.exf6 Qxf6 14.Bg5 Qg6 15.Nc3 
Bg4 16.Be7 Bxf3 17.Qxf3 Rfe8 18.Bc5 Bxc5 19.dxc5 
Re5 20.a4 b4 21.Na2 a5 22.Nc1 Rxc5 23.Nd3 Rf5 
24.Qe3 f6 25.Qe6+ Kf8 26.Qxc6 Rd8 27.Nc5 Rdd5 
28.Nd7+ Kf7 29.Qxc7 1-0

[Event "HCL-M861"]
[Site "www.playchess.de"]
[Date "2006.01.16"]
[Round "3"]
[White "Tapiwa"]
[Black "PaulH"]
[WhiteElo "1938"]
[BlackElo "2052"]
[PlyCount "59"]
[Result "1/2-1/2"]

1.e4 d5 2.exd5 Nf6 3.Bb5+ Bd7 4.Bxd7+ Qxd7 5.c4 c6 
6.dxc6 Nxc6 7.Ne2 e5 8.O-O Bc5 9.Nbc3 Rd8 10.a3 
Qd3 11.b4 Be7 12.c5 O-O 13.Re1 a5 14.Rb1 Qc4 15.b5 
Nb8 16.c6 bxc6 17.Qa4 Qxa4 18.Nxa4 cxb5 19.Rxb5 
Nc6 20.Nb6 {(offering draw)}  Ne4 21.Nc4 Rdb8 
22.Rxb8 Rxb8 23.Nc3 Nxc3 24.dxc3 Rb3 25.Bb2 a4 
26.Kf1 f5 27.f3 {(offering draw)}  Kf7 28.Re2 Ke6 
29.Rc2 Bg5 30.Ke2 {(offering draw)} 
 1/2-1/2

[Event "HCL-C3899"]
[Site "www.playchess.de"]
[Date "2006.01.16"]
[Round "1"]
[White "schachsky"]
[Black "zemljanin"]
[WhiteElo "1184"]
[BlackElo "1437"]
[PlyCount "78"]
[Result "0-1"]

1.d4 {Hello again,have a nice game!}  d5 2.Nc3 Bf5 
3.Nf3 e6 4.e3 Bb4 5.Bd2 Nd7 6.Be2 Qe7 7.a3 Bxc3 
8.Bxc3 Ngf6 9.O-O b6 10.Bd2 a6 11.b4 b5 12.c3 Ne4 
13.h3 h5 14.Nh2 Nxd2 15.Qxd2 g5 16.f3 Bg6 17.g4 f5 
18.Rf2 hxg4 19.fxg4 Rxh3 20.Raf1 Qh7 21.Bf3 O-O-O 
22.gxf5 Bxf5 23.Rg2 Rg8 24.Qe2 Bd3 25.Qf2 {oops!}  
Bxf1 26.Qxf1 Rh8 27.Qf2 Qb1+ 28.Qf1 Qxf1+ 29.Kxf1 
R3xh2 30.Bg4 Rxg2 31.Kxg2 Rh6 32.Bh3 Rxh3 33.Kxh3 
Nf6 34.Kg3 Kd7 35.Kf3 Ke7 36.Kg3 Kf7 37.Kf3 {Ich 
habe hier nicht viel zu tun; auch ein Bier für 
dich bestellen -:)}  Kg6 {you are writing in 
german as I see, a beer wuold be nice, thanks :-)} 
 38.Ke2 {I'm so confused sometimes, especially 
when I forget my beers -:)}  g4 {I'm more confused 
when I don't forget them... :-)}  39.Kf2 {that's 
also true -:)}  Ne4+ 0-1

[Event "HCL-B3824"]
[Site "www.playchess.de"]
[Date "2006.01.16"]
[Round "5"]
[White "nichju"]
[Black "Ivan_Lacerda"]
[WhiteElo "932"]
[BlackElo "1180"]
[PlyCount "122"]
[Result "0-1"]

1.e4 {Greetings from Germany}  c5 {Thank you, the 
same from Brasil !!!}  2.Nc3 Nc6 3.Nf3 e5 4.Bc4 d6 
5.d3 Be6 6.Bxe6 fxe6 7.Be3 Nd4 8.Bxd4 exd4 9.Nb5 
a6 10.Na3 d5 11.exd5 exd5 12.Qe2+ Qe7 13.Ne5 O-O-O 
14.Qg4+ Kb8 15.Qf4 Nf6 16.O-O Qc7 17.Nf7 Bd6 
18.Nxd6 Qxd6 19.Qg5 Rd7 20.c3 h6 21.Qg3 Qxg3 
22.fxg3 dxc3 23.bxc3 Rf7 24.c4 d4 25.Rae1 Rhf8 
26.Re5 Ng4 27.Ree1 Ne3 28.Rf3 R7xf3 29.gxf3 Rxf3 
30.Nb1 Nc2 31.Re8+ Ka7 32.Nd2 Rxd3 33.Ne4 Re3 
34.Re7 g5 35.Re6 Nb4 36.a3 Rxa3 37.Nxc5 d3 38.Re7 
d2 39.Rxb7+ Ka8 40.Rd7 Ra1+ 41.Kg2 d1Q 42.Rxd1 
Rxd1 43.Ne6 a5 44.Nc7+ Kb7 45.Nb5 Rc1 46.Nd6+ Kc6 
47.Nf7 Rxc4 48.Ne5+ Kd5 49.Nf7 a4 50.Nxh6 a3 
51.Nf5 a2 52.Ne3+ Kd4 53.Nxc4 Kxc4 54.h4 gxh4 
55.gxh4 a1Q 56.Kg3 Kd5 57.Kg4 Qf6 58.h5 Nd3 59.h6 
Ne5+ 60.Kh5 Qg6+ 61.Kh4 Qg4+ 0-1

[Event "HCL-E1542"]
[Site "www.playchess.de"]
[Date "2006.01.16"]
[Round "9"]
[White "mkefeli"]
[Black "Bauarbeiter"]
[WhiteElo "1802"]
[BlackElo "1805"]
[PlyCount "41"]
[Result "1-0"]

1.d4 Nf6 2.Nf3 e6 3.g3 d5 4.Bg2 c5 5.O-O Nc6 6.c4 
cxd4 7.Nxd4 Be7 8.Nc3 Qb6 9.Nxc6 bxc6 10.cxd5 cxd5 
11.e4 dxe4 12.Nxe4 Nxe4 13.Bxe4 Bb7 14.Qa4+ Kf8 
15.Be3 Qc7 16.Rac1 Qb8 17.Bf4 e5 18.Bxe5 Qxe5 
19.Bxb7 Re8 20.Rfe1 Qxb2 21.Rc7 1-0

[Event "HCL-B3745"]
[Site "www.playchess.de"]
[Date "2006.01.16"]
[Round "9"]
[White "SH"]
[Black "farah"]
[WhiteElo "807"]
[BlackElo "1501"]
[PlyCount "40"]
[Result "0-1"]

1.d4 Nf6 2.Nc3 g6 3.e4 d6 4.Bg5 Bg7 5.f4 O-O 6.e5 
dxe5 7.fxe5 Ne8 8.Bc4 Nc6 9.Nd5 Be6 10.Qf3 Qd7 
11.O-O-O Bg4 12.e6 Bxf3 13.exd7 Bxd1 14.Nxe7+ Kh8 
15.Nxc6 bxc6 16.d8Q Rxd8 17.Bxd8 Nd6 18.Be7 Re8 
19.Bxd6 Bh5 20.Bxc7 Bh6+ 0-1

[Event "HCL-B3661"]
[Site "www.playchess.de"]
[Date "2006.01.16"]
[Round "20"]
[White "tbouma"]
[Black "schachsky"]
[WhiteElo "1130"]
[BlackElo "1173"]
[PlyCount "97"]
[Result "1-0"]

1.e4 {greetings from Canada (from a frisian!)}  c5 
{Hello,have a nice game!Other you still speak a 
little dutch?(Frisian is not my language ....)}  
2.Nf3 {just frisian actually - with a Canadian 
accent...}  d6 {and a frisian name ....}  3.Bb5+ 
Bd7 4.Nc3 a6 5.Bc4 b5 6.Be2 e6 7.e5 dxe5 8.Nxe5 
Bd6 9.f4 f6 10.Nxd7 Nxd7 11.d3 Ne7 12.Ne4 Bc7 
13.Be3 Bb6 14.Qd2 Ba5 15.c3 O-O 16.Nxc5 f5 17.b4 
Bc7 18.Nxd7 Qxd7 19.O-O Rac8 20.Bd4 Ng6 21.Bc5 
Rfd8 22.d4 e5 23.fxe5 Bxe5 24.Qc2 Bc7 25.Qxf5 Qc6 
26.Qf7+ Kh8 27.Bf3 Qe8 28.Bg4 Qe3+ {a small tricky 
move -:)}  29.Qf2 Qxf2+ 30.Rxf2 Rcb8 31.Raf1 h6 
32.Bf5 Nh4 {Best wishes for 2006!}  33.Be7 {thanks 
- I was worried about you - you hadn't moved in a 
long time..}  Rde8 {I've too many games to play 
and it's a busy time of the year, so I'd to play 
my games with the highest time pressure. With me, 
all is fine (except on my chessboards ...), thx!}  
34.Bxh4 {thanks for the update - happy new year!}  
Reg8 {Sorry, I used a lot of words, but I forgot 
the most common: best wishes or you  2006! And thx 
for yours ...}  35.Bg6 {thanks!}  Bd6 36.Bg3 Bxg3 
37.hxg3 Rb6 38.Be4 Rbb8 {the last stage ...}  
39.d5 {yessirree...}  Rbe8 {-:)}  40.Bc2 Red8 
41.Bb3 Rge8 42.d6 Rxd6 43.R2f8+ Rxf8 44.Rxf8+ Kh7 
45.Bc2+ g6 46.a4 bxa4 47.Bxa4 Kg7 48.Rc8 Rd1+ 
49.Bxd1 1-0